Question to Country Quiz - Statistics

General Stats
  • This quiz has been taken 60 times
  • The average score is 9 of 20
Answer Stats
Question Country % Correct
Revolutionary slogan: Liberté, égalité, ______ France
96%
"Running of the Bulls" city Spain
90%
War and Peace author Russia
72%
Borough on the Prime Meridian home to the Royal Observatory United Kingdom
70%
Radiation researcher who was the first woman to win a Nobel Prize Poland
66%
Rap video by Psy about a wealthy district of the capital South Korea
66%
Smaller version of a llama Peru
64%
It was illegal for women to do this (until 2017) Saudi Arabia
64%
1962 Cold War crisis Cuba
60%
Name for this letter: Δ Greece
60%
Peter Jackson film trilogy shot mainly in ___________ New Zealand
36%
"Great Trinity" of gods in religion #1 India
34%
Footballer who won the Ballon d'Or in 2018 Croatia
30%
Northern region, mostly grassland, that is famous for its wildebeest migration Tanzania
30%
City, starting with Q, that is the capital of Balochistan Pakistan
22%
Picturesque bay composed of about 2000 small islands Vietnam
22%
What are Saaremaa and Hiiumaa? Estonia
18%
Most popular beer brand globally Denmark
14%
What was the profession of the Barbary Corsairs? Algeria
10%
______ has the most grandmasters per capita at this event Armenia
10%
No matching quizzes found
Score Distribution
Percent of People with Each Score
Percentile by Number Answered
Your Score History
You have not taken this quiz